|
|
|
|
| LEADER |
00000nam0a2200000 4500 |
| 001 |
234705 |
| 005 |
20231101231337.0 |
| 035 |
|
|
|a (RuTPU)RU\TPU\book\255831
|
| 090 |
|
|
|a 234705
|
| 100 |
|
|
|a 20130328d1929 m y0rusy50 ca
|
| 101 |
0 |
|
|a rus
|
| 102 |
|
|
|a RU
|
| 105 |
|
|
|a a z 001zy
|
| 200 |
1 |
|
|a Парафинистый мазут и его применение
|f Н. И. Черножуков, Г. М. Григорян
|
| 210 |
|
|
|a Москва
|c Изд-во НТУ ВСНХ СССР
|d 1929
|
| 215 |
|
|
|a 52 с.
|c ил.
|
| 320 |
|
|
|a Библиогр.: с. 48.
|
| 606 |
1 |
|
|a Мазут
|x Сжигание
|2 stltpush
|3 (RuTPU)RU\TPU\subj\40919
|9 60749
|
| 610 |
1 |
|
|a применение
|
| 610 |
1 |
|
|a парафинистые нефти
|
| 610 |
1 |
|
|a свойства
|
| 610 |
1 |
|
|a топливо
|
| 610 |
1 |
|
|a мазут
|
| 610 |
1 |
|
|a перекачка
|
| 610 |
1 |
|
|a хранение
|
| 675 |
|
|
|a 662.94
|v 3
|
| 700 |
|
1 |
|a Черножуков
|b Н. И.
|
| 701 |
|
1 |
|a Григорян
|b Г. М.
|
| 801 |
|
1 |
|a RU
|b 63413507
|c 20130328
|
| 801 |
|
2 |
|a RU
|b 63413507
|c 20130423
|g RCR
|
| 942 |
|
|
|c BK
|